000 00692nam a2200181 i 4500
001 34536
003 ES-MaACL
005 20230906154941.0
007 t|
008 030207q19001999fr ||||1| spa d
100 1 _aBlaze, Sébastien (
_d1785-184?)
_929436
245 1 0 _aMemorias de un boticario
_b: (episodios de la Guerra de la Independencia de España) /
_cSebastian Blaze ; traducción de Mariano Ramón Martínez.
260 _aParis :
_bEdit. Hispano-Americana,
_c[19??]
300 _a191 p. ;
_c19 cm.
651 4 _aEspaña-
_xHistoria-
_y1808-1814, Guerra de la Independencia-
_vRelatos personales.
_9138809
700 1 _aRamón Martínez, Mariano.
_995220
852 _aES-MaACL
_jD-1747
999 _c34536
_d34536